000 00585nam a2200241Ia 4500
003 OSt
005 20220927110410.0
006 a|||||r|||| 00| 0
007 ta
008 220926b |||||||| |||| 00| 0 eng d
024 _a4362
037 _cReports
040 _aRTL
_cRTL
_beng
041 _2eng
_aeng
082 _a"V2,8r, L4/GD"
245 0 _aTwenty forth report
260 _aDelhi
_bManager Of Publication India
_c1974
300 _a223p.
_ccm.
650 _a India
650 _aHistory
942 _h"V2,8r, L4/GD"
_cCC
999 _c696381
_d696381